000 00982nac a22003137a 4500
001 BR8305252
003 BR-BrBNA
005 20240105115845.0
008 230509b bl.|||m| |||| 00| 0 por d
040 _aBR-BrBNA
_bpor
_cBiblioteca Nacional de Agricultura
072 _aQ10; S10
090 _a0311 BR8305252
100 1 _aMaia, G.A.
110 1 _aFundacao Nucleo de Tecnologia Industrial, Fortaleza, CE (Brasil)
_95007
245 1 _aIndustrializacao do coco. Leite de coco. Coco ralado [Brasil]
260 3 _aFortaleza, CE (Brasil):
_c1983.
300 _a79 p.
490 _aSerie Informacoes Tecnologicas - Fundacao Nucleo de Tecnologia Industrial (Brazil)
_vv. 2(13)
_x
500 _a13 tables; 7 ref.
650 _aCOCO
650 _aLEITE
650 _aAGUA DE COCO
650 _aMERCADO
650 _aCOMPOSICAO QUIMICA
650 _aINSUMO
650 _aEQUIPAMENTO AGRICOLA
909 _a202312
_bLúcia Elande
_c55
_dLúcia Elande
942 _2AGRIS
_n0
_cMS
999 _c276741
_d276741